Statistiques concernant Remeubler la chambre de la Lofi Girl sur un dessin

Cliquez ici pour prendre le quiz!

Statistiques générales

  • Ce quiz a été pris 404 fois
  • Le résultat moyen est 8 sur 13

Réponses sur la Carte

Les réponses sont colorées sur une échelle allant du rouge au vert en fonction du pourcentage des utilisateurs qui les ont devinées à leur premier essai. Vous pouvez retrouver ces pourcentages ci-dessous.
 

Statistiques - réponses

Éléments du dessin% Correct
Fenêtre avec vue
89%
Livres/Bibliothèque
87%
Jeune fille
86%
Stylos/Pots à crayons
86%
Casque audio
80%
Fauteuil de bureau
75%
Ordinateur portable
73%
Lampe de bureau
58%
Chat
54%
Étagère
41%
Feuilles de papier
41%
Plante
35%
Calendrier
13%

Distribution des résultats

Percentile par nombre de réponses

% des personnes avec chaque résultat

Votre développement - résultats

Vous n’avez pas pris ce quiz